| 000 | 00914 a2200205 4500 | ||
|---|---|---|---|
| 003 | Nust | ||
| 005 | 20170207154018.0 | ||
| 010 | _a 2005041998 | ||
| 020 | _a1580537251 (alk. paper) | ||
| 040 | _cNust | ||
| 082 | 0 | 0 | _a621.381/32 |
| 100 | 1 | _aKinayman, Noyan. | |
| 245 | 1 | 0 |
_aModern microwave circuits-(E-BOOK) _cNoyan Kinayman, M.I. Aksun. |
| 260 |
_aBoston, Mass. : _bArtech House, _cc2005. |
||
| 300 |
_axiv, 604 p. : _bill. ; _c24 cm. + _e1 CD-ROM (4 3/4 in.). |
||
| 440 | 0 | _aArtech House microwave library | |
| 505 | _aChapter 1 Microwave Network Theory (Page-1) Chapter 2 Microwave Printed Circuits (Page-141) Chapter 3 Full-Wave Analysis of Printed Circuits (Page-211) Chapter 4 Microstrip Patch Antennas (Page-291) Chapter 5 Microstrip Coupled Lines (Page-357) Chapter 6 Microstrip Filters (Page-415) Chapter 7 Microwave Lumped Elements (Page-533) | ||
| 650 | 0 | _aMicrowave circuits. | |
| 700 | 1 | _aAksun, M. I. | |
| 942 |
_2ddc _cBK |
||
| 999 |
_c191559 _d191559 |
||